书目信息 |
| 题名: |
教育哲学
|
|
| 作者: | 石中英 主编 | |
| 分册: | ||
| 出版信息: | 北京 高等教育出版社 2022.09 |
|
| 页数: | 293页 | |
| 开本: | 26cm | |
| 丛书名: | 马克思主义理论研究和建设工程重点教材 | |
| 单 册: | ||
| 中图分类: | G40-02 | |
| 科图分类: | ||
| 主题词: | 教育哲学--jiao yu zhe xue--教材 | |
| 电子资源: | ||
| ISBN: | 978-7-04-051112-3 | |
| 000 | 00997nam 2200277 450 | |
| 001 | 012001002542 | |
| 005 | 20140202160132.0 | |
| 010 | @a978-7-04-051112-3@dCNY40.30 | |
| 099 | @aCAL 012019065848 | |
| 100 | @a20220905d2019 em y0chiy50 ea | |
| 101 | 0 | @achi |
| 102 | @aCN@b110000 | |
| 105 | @ay a 000yy | |
| 106 | @ar | |
| 200 | 1 | @a教育哲学@Ajiao yu zhe xue@f石中英主编 |
| 210 | @a北京@c高等教育出版社@d2022.09 | |
| 215 | @a293页@d26cm | |
| 225 | 2 | @a马克思主义理论研究和建设工程重点教材@Ama ke si zhu yi li lun yan jiu he jian she gong cheng zhong dian jiao cai |
| 320 | @a有书目 (第288-289页) | |
| 330 | @a本书共分十章,内容包括教育哲学的历史发展、教育的本质、人性论与教育、认识论与教育、价值论与教育、伦理学与教育、美学与教育等。 | |
| 410 | 0 | @12001 @a马克思主义理论研究和建设工程重点教材 |
| 606 | 0 | @a教育哲学@Ajiao yu zhe xue@j教材 |
| 690 | @aG40-02@v5 | |
| 701 | 0 | @a石中英@Ashi zhong ying@4主编 |
| 801 | 0 | @aCN@bAHXH@c20221111 |
| 905 | @b1368333-7@dG40-02@e1253@f5 | |
| 教育哲学/石中英主编.-北京:高等教育出版社,2022.09 |
| 293页;26cm.-(马克思主义理论研究和建设工程重点教材) |
| ISBN 978-7-04-051112-3:CNY40.30 |
| 本书共分十章,内容包括教育哲学的历史发展、教育的本质、人性论与教育、认识论与教育、价值论与教育、伦理学与教育、美学与教育等。 |
| ● |
| 相关链接 |
|
|
|
|
正题名:教育哲学
索取号:G40-02/1253
 
预约/预借
| 序号 | 登录号 | 条形码 | 馆藏地/架位号 | 状态 | 备注 |
| 1 | 1368333 | 213683334 | 第一样本阅览室/ [索取号:G40-02/1253] | 在馆 | |
| 2 | 1368334 | 213683343 | 教育系资料室/ [索取号:G40-02/1253] | 在馆 | |
| 3 | 1368335 | 213683352 | 教育系资料室/ [索取号:G40-02/1253] | 在馆 | |
| 4 | 1368336 | 213683361 | 第四借阅区/ [索取号:G40-02/1253] | 在馆 | |
| 5 | 1368337 | 213683370 | 第四借阅区/ [索取号:G40-02/1253] | 在馆 |